000 00353nam a2200133Ia 4500
008 220217s9999||||xx |||||||||||||| ||und||
020 _a81-7888-027-X
082 _a516.03 SHA
100 _aSharma, K
245 0 _aEncyclopedia of analytical geometry
260 _aDominant publishers
_bNew Delhi
_c2001
300 _b386
650 _aMATHEMATICS
999 _c171277
_d171277